• 首页
  • 本馆介绍
  • 公告通知
  • 最新文献
  • 馆藏检索
  • 电子资源
  • 读者导购
  • 参考咨询
  • 我的图书馆
  • 登录
  • 详细信息显示
  • 放入我的书架
  • 预约/预借图书
  • 作者相关作品
  • 分类相关作品
  • 丛书相关作品
  • 出版社相关作品

书目信息

  • 表格格式
  • 工作单格式
  • 卡片格式
题名:
调和分析及其在偏微分方程中的应有
    
 
作者: 苗长兴 著
分册:  
出版信息: 北京   科学出版社  
页数: 619页
开本: 26cm
丛书名: 现代数学基础丛书 89
单 册:
中图分类: O241.86
科图分类:
主题词: 计算数学
电子资源:
ISBN: 7-03-012665-3
000 00671nam0 2200217 450
001 0732828906
005 20070903090708.90
010    @a7-03-012665-3@d¥59.00
100    @a20070903d km y0chiy0120 ea
101 0  @achi
200 1  @a调和分析及其在偏微分方程中的应有@Adiao he fen xi ji qi zai pian wei fen fang cheng zhong de ying you@f苗长兴著@Fmiao chang xing zhu
205    @a2版
210    @a北京@c科学出版社
215    @a619页@d26cm
225 2  @a现代数学基础丛书 89
410  0 @12001 @a现代数学基础丛书 89
606 0  @a计算数学
690    @aO241.86@v3
701  0 @a苗长兴@Amiao chang xing@4著
801  0 @aCN@bPFT@c20070903
905    @a213230@dO241.86@eS40@f1
    
    调和分析及其在偏微分方程中的应有/苗长兴著.-2版.-北京:科学出版社
    619页;26cm.-(现代数学基础丛书 89)
    
    
    ISBN 7-03-012665-3:¥59.00
    
●
相关链接 在E读中查询图书 在五车中查询图书 在当当中查询图书 在豆瓣中查询图书


正题名:调和分析及其在偏微分方程中的应有     索取号:O241.86/S40         预约/预借

序号 登录号 条形码 馆藏地/架位号 状态 备注
1 6705698   267056981   密集书库-数信学院/ [索取号:O241.86/S40] 在馆    
2 6705699   267056990   密集书库-数信学院/ [索取号:O241.86/S40] 在馆    
唐山师范学院图书馆 欢迎您!
大连网信软件有限公司© 版权所有